Territories of the World on a Map #2 - Statistics

General Stats
  • This quiz has been taken 88 times
    73 since last reset
  • The average score is 7 of 13
Answers on the Map
Answers color-coded by a green-red scale on the quiz's map according to % correct below.
 
Answer Stats
Country Location Territory % Correct
UK English Channel Guernsey
91%
UK English Channel Jersey
85%
AUS Indian Ocean Christmas Island
82%
NO Arctic Svalbard
82%
UK Indian Ocean British Indian Ocean Territory
61%
AUS South Pacific Norfolk Island
61%
UK South Atlantic South Georgia and the South Sandwich Islands
58%
AUS South Indian Ocean Heard and McDonald Islands
42%
NO South Atlantic Bouvet Island
27%
FR Pacific Clipperton Island
24%
AUS Indian Ocean Ashmore and Cartier Islands
18%
USA North Pacific Baker Island
15%
AUS Barrier Reef Coral Sea Islands
15%
No matching quizzes found
Score Distribution
Percent of People with Each Score
Percentile by Number Answered
Your Score History
You have not taken this quiz since the last reset